000 00478nmm a2200169Ia 4500
008 251105s9999||||xx |||||||||||||||||und||
020 _a9788433998446
041 _aspa
100 _aGainza, María
245 0 _aEl nervio óptico
264 _a[Madrid, España] :
_bEditorial Anagrama,
_c2017
300 _a160 páginas
490 _aNarrativas hispánicas
650 _aLatin American narrative
856 _uhttps://public.digitaliapublishing.com/a/49083
942 _cCF
999 _c82017
_d82017